<?xml version="1.0" encoding="UTF-8"?>
<record
    xmlns:xsi="http://www.w3.org/2001/XMLSchema-instance"
    xsi:schemaLocation="http://www.loc.gov/MARC21/slim http://www.loc.gov/standards/marcxml/schema/MARC21slim.xsd"
    xmlns="http://www.loc.gov/MARC21/slim">

  <leader>02954nam a2200397 a 4500</leader>
  <controlfield tag="001">000047537</controlfield>
  <controlfield tag="003">DO-SdBPM</controlfield>
  <controlfield tag="005">20260128115126.0</controlfield>
  <controlfield tag="007">ta</controlfield>
  <controlfield tag="008">180626s2000    dr ac         000 0 spa d</controlfield>
  <datafield tag="020" ind1=" " ind2=" ">
    <subfield code="a">8489953260</subfield>
  </datafield>
  <datafield tag="040" ind1=" " ind2=" ">
    <subfield code="a">DO-SdBPM</subfield>
    <subfield code="b">spa</subfield>
    <subfield code="c">BPMSU</subfield>
    <subfield code="d">rda</subfield>
  </datafield>
  <datafield tag="082" ind1=" " ind2="4">
    <subfield code="a">709.03 </subfield>
    <subfield code="b">S612p 2000</subfield>
    <subfield code="2">22</subfield>
  </datafield>
  <datafield tag="111" ind1="2" ind2=" ">
    <subfield code="a">Simposio Regional  Incidencias de la"Cultura Precolombina  en el Arte Caribe&#xF1;o contempor&#xE1;neo"</subfield>
    <subfield code="n">(1:</subfield>
    <subfield code="d">1998 : 15-17 enero </subfield>
    <subfield code="c">Santo Domingo, Rep&#xFA;blica Dominicana)</subfield>
    <subfield code="4"> </subfield>
  </datafield>
  <datafield tag="245" ind1="0" ind2="0">
    <subfield code="a">Presencia de la cultura precolombina en el arte caribe&#xF1;o contempor&#xE1;neo /</subfield>
    <subfield code="b">editora Mildred Canahuate </subfield>
  </datafield>
  <datafield tag="250" ind1=" " ind2=" ">
    <subfield code="a">2a. ed.</subfield>
  </datafield>
  <datafield tag="260" ind1=" " ind2=" ">
    <subfield code="c"> </subfield>
  </datafield>
  <datafield tag="264" ind1=" " ind2=" ">
    <subfield code="a">Santo Domingo :</subfield>
    <subfield code="b">Banco Central de la Rep&#xFA;blica Dominicana ;</subfield>
    <subfield code="b">Fundaci&#xF3;n de Arte Arawak,,</subfield>
    <subfield code="c">208</subfield>
  </datafield>
  <datafield tag="300" ind1=" " ind2=" ">
    <subfield code="a">80 p&#xE1;ginas :</subfield>
    <subfield code="b">ilustraciones., retratos. ;</subfield>
    <subfield code="c">29 cm.</subfield>
  </datafield>
  <datafield tag="336" ind1=" " ind2=" ">
    <subfield code="a">texto</subfield>
    <subfield code="b">txt</subfield>
    <subfield code="2">rdacontent</subfield>
  </datafield>
  <datafield tag="337" ind1=" " ind2=" ">
    <subfield code="a">sin mediaci&#xF3;n</subfield>
    <subfield code="b">n</subfield>
    <subfield code="2">rdamedia</subfield>
  </datafield>
  <datafield tag="338" ind1=" " ind2=" ">
    <subfield code="a">volumen</subfield>
    <subfield code="b">nc</subfield>
    <subfield code="2">rdacarrier</subfield>
  </datafield>
  <datafield tag="490" ind1="0" ind2=" ">
    <subfield code="a">Banco Central de la Rep&#xFA;blica Dominicana ; cil. Arawat de investigaciones Antropol&#xF3;gicas, </subfield>
    <subfield code="v">1</subfield>
  </datafield>
  <datafield tag="500" ind1=" " ind2=" ">
    <subfield code="a">Textos conferencias presentadas en ocasi&#xF3;n del Primer Simposio Regional "Incidencias de la cultura precolombina en arte caribe&#xF1;o contempor&#xE1;neo"</subfield>
  </datafield>
  <datafield tag="500" ind1=" " ind2=" ">
    <subfield code="a">Texto a dos columnas</subfield>
  </datafield>
  <datafield tag="500" ind1=" " ind2=" ">
    <subfield code="a">Incluye referencias bibliogr&#xE1;ficas y notas al pie de las p&#xE1;ginas</subfield>
  </datafield>
  <datafield tag="505" ind1="0" ind2=" ">
    <subfield code="a">Presentaci&#xF3;n / Fernando Morb&#xE1;n Laucer, 11.-- Presentaci&#xF3;n / Mildred Canahuate, 13.-- Arte y estados de alteraci&#xF3;n de conciencia: una visi&#xF3;n antropol&#xF3;gica / Mario Consens, 15.-- El indigenismo y las artes pl&#xE1;sticas dominicanas / Manuel Garc&#xED;a Ar&#xE9;valo, 17.-- Eros, Thanatos y tainismo en el arte dominicano contempor&#xE1;neo / Laura Gil Fiallo, 27.-- El cham&#xE1;n y los cem&#xED;es: arte vivo / Abelardo Jim&#xE9;nez L., 29.-- La presentaci&#xF3;n faun&#xED;stica precolombina y su influencia en la pl&#xE1;stica contempor&#xE1;nea / Fernando Morb&#xE1;n Laucer, 35.-- Siguiendo las huellas de los arahucanos / Harold Olsen y Fernando Morb&#xE1;n, 39.-- La evoluci&#xF3;n del arte contempor&#xE1;nea dominicano: una visi&#xF3;n antropol&#xF3;gica / Luis Alejandro Peguero Guzm&#xE1;n, 53.-- Lo er&#xF3;tico como expresi&#xF3;n en el arte ta&#xED;no / Abil Peralta Ag&#xFC;ero, 59.-- La cer&#xE1;mica indigenista de Daniel Silva Pag&#xE1;n / Sebasti&#xE1;n Robiou Lamarche, 61.-- Exhibici&#xF3;n colectiva de pinturas y esculturas. Presencia de la cultura precolombina en el arte caribe&#xF1;o contempor&#xE1;neo / Abil Peralta Ag&#xFC;ero, 69.-- Ap&#xE9;ndice I. Datos biogr&#xE1;ficos artistas participantes, 73.-- Ap&#xE9;ndice II. Notas biogr&#xE1;ficas de los autores, 77.</subfield>
  </datafield>
  <datafield tag="590" ind1=" " ind2=" ">
    <subfield code="a">Inventariado, 2026/VM</subfield>
  </datafield>
  <datafield tag="650" ind1=" " ind2="7">
    <subfield code="a"> Arte moderno -- </subfield>
    <subfield code="y">Siglo XX </subfield>
    <subfield code="v">Congresos, conferencias, etc </subfield>
  </datafield>
  <datafield tag="650" ind1=" " ind2="7">
    <subfield code="a">Arte precolombino </subfield>
    <subfield code="v">Congresos, conferencias, etc</subfield>
    <subfield code="y"> </subfield>
  </datafield>
  <datafield tag="650" ind1=" " ind2="7">
    <subfield code="a">Culturas ind&#xED;genas </subfield>
    <subfield code="v">Congresos, conferencias, etc.</subfield>
  </datafield>
  <datafield tag="700" ind1="1" ind2=" ">
    <subfield code="a">Canahuate, Mildres</subfield>
    <subfield code="4">editora </subfield>
  </datafield>
  <datafield tag="710" ind1="2" ind2=" ">
    <subfield code="a">Banco Central de la Rep&#xFA;blica Dominicana</subfield>
  </datafield>
  <datafield tag="910" ind1=" " ind2=" ">
    <subfield code="a">VMateo V. Control de calidad. BPMSU </subfield>
  </datafield>
  <datafield tag="942" ind1=" " ind2=" ">
    <subfield code="2">ddc</subfield>
    <subfield code="c">BK</subfield>
  </datafield>
  <datafield tag="952" ind1=" " ind2=" ">
    <subfield code="0">0</subfield>
    <subfield code="1">0</subfield>
    <subfield code="2">ddc</subfield>
    <subfield code="7">0</subfield>
    <subfield code="8">CD</subfield>
    <subfield code="a">BPMET</subfield>
    <subfield code="b">BPMET</subfield>
    <subfield code="d">2026-01-28</subfield>
    <subfield code="l">0</subfield>
    <subfield code="o">BPMSU CD 709.03  S612p 2000</subfield>
    <subfield code="p">BPMSU26010062</subfield>
    <subfield code="r">2026-01-28</subfield>
    <subfield code="w">2026-01-28</subfield>
    <subfield code="y">BK</subfield>
  </datafield>
  <datafield tag="999" ind1=" " ind2=" ">
    <subfield code="c">15636</subfield>
    <subfield code="d">15636</subfield>
  </datafield>
</record>
